Remotos antecedentes doctrinales de la criminalistica: trabajo presentado al 2. congreso internacional de criminología (Paris, 10-19 setiembre de 1950) en la sección "criminalistica"

Saved in:  
Bibliographic Details
Main Author: Finzi, Marcelo (Author)
Format: Print Book
Language:Spanish
Published: Cordoba Univ. Nacional de Cordoba 1951
In: Universidad Nacional de Córdoba, Facultad de Derecho y Ciencias Sociales, Instituto de Derecho Comparado / B (40)
Year: 1951
Check availability: HBZ Gateway
Subito Delivery Service: Order now.

MARC

LEADER 00000cam a22000002c 4500
001 1326030361
003 DE-627
005 20220526112802.0
007 tu
008 060809s1951 xx ||||| 00| ||spa c
035 |a (DE-627)1326030361 
035 |a (DE-576)256030367 
035 |a (DE-599)BSZ256030367 
040 |a DE-627  |b ger  |c DE-627  |e rakwb 
041 |a spa 
100 1 |a Finzi, Marcelo  |4 aut 
245 1 0 |a Remotos antecedentes doctrinales de la criminalistica  |b trabajo presentado al 2. congreso internacional de criminología (Paris, 10-19 setiembre de 1950) en la sección "criminalistica"  |c Marcelo Finzi 
264 1 |a Cordoba  |b Univ. Nacional de Cordoba  |c 1951 
300 |a 25 S. 
336 |a Text  |b txt  |2 rdacontent 
337 |a ohne Hilfsmittel zu benutzen  |b n  |2 rdamedia 
338 |a Band  |b nc  |2 rdacarrier 
490 1 |a Universidad Nacional de Córdoba, Facultad de Derecho y Ciencias Sociales, Instituto de Derecho Comparado  |a Serie B  |v 40 
583 1 |a Archivierung prüfen  |c 20200919  |f DE-640  |z 1  |2 pdager 
810 2 |a Universidad Nacional de Córdoba  |b Instituto de Derecho Comparado  |t Universidad Nacional de Córdoba, Facultad de Derecho y Ciencias Sociales, Instituto de Derecho Comparado / B  |v 40  |9 40  |w (DE-627)1138057967  |w (DE-576)068057962  |7 am 
935 |a mkri 
951 |a BO 
ELC |b 1 
LOK |0 000 xxxxxcx a22 zn 4500 
LOK |0 001 2513836480 
LOK |0 003 DE-627 
LOK |0 004 1326030361 
LOK |0 005 20060809141726 
LOK |0 008 060809||||||||||||||||ger||||||| 
LOK |0 040   |a DE-Frei85  |c DE-627  |d DE-Frei85 
LOK |0 852   |a DE-Frei85 
LOK |0 852 1  |m p  |9 00 
LOK |0 938   |k p 
LOK |0 939   |a 09-08-06  |b l01 
ORI |a SA-MARC-krimdoka001.raw